Fitxa mèdico-escolar / Generalitat de Catalunya. Departament d'Assistència Social. Protecció a la Infància
Descripción Física:
[28] f. ; 21 cm
Materias:
Infants -- Criança
MARC
| LEADER | 00000nam a2200000Ia 4500 | ||
|---|---|---|---|
| 001 | 8258 | ||
| 008 | 160829s193 - ?] xx 000 0 cat d | ||
| 080 | |a RF-1-41 | ||
| 100 | |a Catalunya. Protecció a la Infància |9 30076 | ||
| 245 | |a Fitxa mèdico-escolar / Generalitat de Catalunya. Departament d'Assistència Social. Protecció a la Infància | ||
| 260 | |a Barcelona : |b [el Departament, |c 193 - ?] | ||
| 300 | |a [28] f. ; |c 21 cm | ||
| 650 | |a Infants |x Criança |9 30077 | ||
| 856 | 4 | |u https://media.diba.cat/diba/fitxers/arxiu/fulletons/bib_8258_baixa.pdf |y Accés lliure | |
| 856 | 4 | |u https://media.diba.cat/diba/fitxers/arxiu/fulletons/bib_8258_baixa.pdf |y Accés lliure | |
| 901 | |a Arxiu | ||
| 942 | |n 1 |2 udc | ||
| 952 | |0 0 |1 0 |4 0 |6 RF141 |7 1 |9 45251 |a Arxiu |b Arxiu |d 2016-12-01 |l 0 |o RF-1-41 |p 8258 |r 2016-12-01 00:00:00 |w 2016-12-01 |y ARXIU | ||
| 999 | |c 48325 |d 48325 | ||
| 900 | |a bib_8258_baixa.pdf | ||